[Event "Staraya Mayna Sidorov Cup"]
[Site "Staraya Mayna"]
[Date "2018.07.12"]
[Round "5"]
[White "Alachihin, Vladimir"]
[Black "Kleymenova, Valeria"]
[Result "1-0"]
[WhiteElo "2283"]
[BlackElo "1669"]
[PlyCount "177"]
[EventDate "2018.07.10"]
[EventType "swiss"]
[EventRounds "9"]
[EventCountry "RUS"]
[SourceTitle "EXT 2019"]
[Source "ChessBase"]
[SourceDate "2018.10.10"]
[SourceVersion "1"]
[SourceVersionDate "2018.10.10"]
[SourceQuality "1"]

1. d4 d5 2. c4 c6 3. g3 Bf5 4. Nc3 e6 5. Bg2 Nf6 6. Nf3 Bd6 7. 0-0 0-0 8. b3 Nbd7 9. Bb2 h6 10. e3 Qe7 11. a4 Rfe8 12. Ne2 Ne4 13. Nf4 Bb4 14. Nd3 Bd6 15. Qe2 Bg4 16. h3 Bh5 17. Nf4 Bxf3 18. Bxf3 Ndf6 19. Rfd1 Rac8 20. Bg2 a6 21. Kh2 Ng5 22. h4 Nge4 23. Bf3 Kh7 24. Kg2 Rg8 25. Nd3 Rge8 26. Ne5 Kg8 27. Rab1 a5 28. Nd3 Qd7 29. Qe1 b6 30. Rbc1 Qe7 31. Rc2 Qb7 32. Rdc1 Rc7 33. Be2 Nd7 34. Nf4 Bb4 35. Qd1 Bd6 36. Bd3 Nef6 37. Qf3 dxc4 38. Rxc4 c5 39. R4c2 Qxf3+ 40. Kxf3 e5 41. dxe5 Bxe5 42. Ba3 Bd6 43. Bb5 Re7 44. Rd1 Be5 45. Nd5 Nxd5 46. Rxd5 Nf6 47. Rd8+ Kh7 48. Rcd2 Rb7 49. Bc1 Bc7 50. Rc8 g6 51. Bc6 Rb8 52. Rxb8 Bxb8 53. Rd8 Be5 54. Ke2 g5 55. hxg5 hxg5 56. Kd3 Bc7 57. Rc8 Nd7 58. f4 gxf4 59. gxf4 Nb8 60. Bb5 Kg7 61. e4 f6 62. Ke3 Bd6 63. Bb2 Rf7 64. e5 fxe5 65. Bxe5+ Bxe5 66. fxe5 Nd7 67. e6 Re7 68. Bxd7 Kf6 69. Ke4 Rh7 70. Rf8+ Ke7 71. Rf7+ Rxf7 72. exf7 Kxf7 73. Kd5 Ke7 74. Bf5 Kd8 75. Kc6 Ke7 76. Kxb6 Kd6 77. Kxa5 Kc6 78. Be4+ Kc7 79. Kb5 Kd6 80. Bg2 Kc7 81. Kxc5 Kd7 82. b4 Kc7 83. b5 Kb8 84. b6 Kc8 85. Kc6 Kb8 86. b7 Ka7 87. Kc7 Ka6 88. b8Q Ka5 89. Qb5# 1-0

[Event "Uljanovsk Povolje op"]
[Site "Uljanovsk"]
[Date "2015.09.19"]
[Round "4"]
[White "Alachihin, Vladimir"]
[Black "Logunova, Elizaveta"]
[Result "1-0"]
[WhiteElo "2261"]
[BlackElo "1704"]
[PlyCount "63"]
[EventDate "2015.09.12"]
[EventType "swiss"]
[EventRounds "9"]
[EventCountry "RUS"]
[SourceTitle "EXT 2016"]
[Source "ChessBase"]
[SourceDate "2015.10.08"]
[SourceVersion "1"]
[SourceVersionDate "2015.10.08"]
[SourceQuality "1"]

1. d4 d5 2. c4 c6 3. Nc3 Nf6 4. Nf3 e6 5. e3 Be7 6. Bd3 Nbd7 7. 0-0 dxc4 8. Bxc4 b5 9. Bd3 a6 10. a4 bxa4 11. Nb1 a5 12. Qe2 Bb7 13. Rd1 0-0 14. Nbd2 Qc7 15. Nc4 c5 16. Bd2 cxd4 17. exd4 Nb6 18. Nce5 Rfd8 19. Rac1 Qd6 20. Bf4 Qd5 21. Rc7 Nbd7 22. Bc4 Qe4 23. Rxb7 Qxb7 24. Nxf7 Nf8 25. Bxe6 Nxe6 26. Qxe6 Kf8 27. Nxd8 Rxd8 28. Ng5 Qd5 29. Re1 Rd7 30. Qh3 h6 31. Ne6+ Kg8 32. Bxh6 1-0

[Event "Uljanovsk Povolje op"]
[Site "Uljanovsk"]
[Date "2015.09.13"]
[Round "3"]
[White "Frolova, Marina"]
[Black "Alachihin, Vladimir"]
[Result "0-1"]
[WhiteElo "1622"]
[BlackElo "2261"]
[PlyCount "134"]
[EventDate "2015.09.12"]
[EventType "swiss"]
[EventRounds "9"]
[EventCountry "RUS"]
[SourceTitle "EXT 2016"]
[Source "ChessBase"]
[SourceDate "2015.10.08"]
[SourceVersion "1"]
[SourceVersionDate "2015.10.08"]
[SourceQuality "1"]

1. c4 Nf6 2. Nc3 g6 3. g3 Bg7 4. Bg2 0-0 5. e3 e5 6. Nge2 d6 7. 0-0 Re8 8. d4 e4 9. Nf4 c6 10. b4 Bg4 11. Qb3 g5 12. Nfe2 Qc8 13. Ba3 Bh3 14. b5 Bxg2 15. Kxg2 c5 16. Rfd1 b6 17. Bb2 Qg4 18. Ng1 Nbd7 19. a4 Qf5 20. h3 h5 21. a5 Rad8 22. axb6 axb6 23. Rd2 cxd4 24. exd4 e3 25. fxe3 Rxe3 26. Qc2 Qxc2 27. Rxc2 Rc8 28. Nce2 Ne4 29. Ra7 Nef6 30. Kf2 Rb3 31. Nf3 g4 32. Nd2 Rxb5 33. Ba3 d5 34. Nc3 Ra5 35. Rxa5 bxa5 36. c5 gxh3 37. Nf3 Ne4+ 38. Kg1 Nxc3 39. Rxc3 Nb8 40. Kh2 Nc6 41. Rd3 a4 42. Kxh3 Rb8 43. Kh4 Rb3 44. Rxb3 axb3 45. Bb2 Na5 46. Nd2 Kf8 47. Kxh5 Nc4 48. Nxc4 dxc4 49. Kg5 Ke7 50. Ba1 Kd7 51. g4 Bf8 52. Kf4 Be7 53. g5 Bd8 54. d5 Ba5 55. Be5 c3 56. c6+ Ke8 57. d6 b2 58. d7+ Ke7 59. Bf6+ Ke6 60. Bxc3 Bc7+ 61. Be5 Bxe5+ 62. Kg4 Bc7 63. Kh5 b1Q 64. d8Q Qh1+ 65. Kg4 Qg2+ 66. Kh4 Qg3+ 67. Kh5 Qh3# 0-1

[Event "Uljanovsk Povolje op"]
[Site "Uljanovsk"]
[Date "2015.09.12"]
[Round "1"]
[White "Safin, Danis"]
[Black "Alachihin, Vladimir"]
[Result "0-1"]
[WhiteElo "1589"]
[BlackElo "2261"]
[PlyCount "38"]
[EventDate "2015.09.12"]
[EventType "swiss"]
[EventRounds "9"]
[EventCountry "RUS"]
[SourceTitle "EXT 2016"]
[Source "ChessBase"]
[SourceDate "2015.10.08"]
[SourceVersion "1"]
[SourceVersionDate "2015.10.08"]
[SourceQuality "1"]

1. e4 e5 2. Nf3 Nf6 3. Nc3 Bb4 4. Nd5 Nxd5 5. exd5 e4 6. Nd4 0-0 7. Be2 Qg5 8. 0-0 Qxd5 9. c3 Bc5 10. Nb3 Bb6 11. d3 d6 12. dxe4 Qxe4 13. Bd3 Qh4 14. Qf3 Nc6 15. g3 Ne5 16. Qh1 Qh5 17. Be4 Bg4 18. Nd2 Be2 19. Re1 d5 0-1

[Event "Uljanovsk Sidorov Memorial"]
[Site "Uljanovsk"]
[Date "2015.07.10"]
[Round "6"]
[White "Alachihin, Vladimir"]
[Black "Ulanov, Alexandr"]
[Result "0-1"]
[WhiteElo "2250"]
[BlackElo "2438"]
[PlyCount "256"]
[EventDate "2015.07.07"]
[EventType "swiss"]
[EventRounds "9"]
[EventCountry "RUS"]
[SourceTitle "EXT 2016"]
[Source "ChessBase"]
[SourceDate "2015.10.08"]
[SourceVersion "1"]
[SourceVersionDate "2015.10.08"]
[SourceQuality "1"]

1. d4 Nf6 2. Nf3 b6 3. g3 Bb7 4. Bg2 g6 5. c4 Bg7 6. Nc3 0-0 7. 0-0 Ne4 8. Qc2 Nxc3 9. Qxc3 c5 10. Qd3 cxd4 11. Nxd4 Bxg2 12. Kxg2 d5 13. Nf3 d4 14. b3 Na6 15. Ba3 Re8 16. Rad1 e5 17. Qd2 f5 18. Rfe1 Qd7 19. e4 Qb7 20. Qd3 Bh6 21. Re2 f4 22. Ne1 Rac8 23. Rc2 Bf8 24. Bxf8 Rxf8 25. Qe2 Nb4 26. Rcd2 d3 27. Rxd3 Nxd3 28. Qxd3 Rcd8 29. Qxd8 Qxe4+ 30. Nf3 Rxd8 31. Rxd8+ Kg7 32. Rd5 Qc2 33. Rxe5 Qxa2 34. Nd4 Qb2 35. Rd5 fxg3 36. hxg3 a5 37. c5 bxc5 38. Ne6+ Kh6 39. Nxc5 Qe2 40. Rd4 Qe5 41. Rc4 Qd5+ 42. Ne4 Kg7 43. f3 Qd3 44. Rc7+ Kf8 45. Rc3 Qe2+ 46. Kh3 h6 47. Kg4 Ke7 48. Rc7+ Kd8 49. Rc5 Qe3 50. Rc3 Qb6 51. Kf4 Ke7 52. Re3 Qc7+ 53. Kg4 Qd7+ 54. Kh4 Kf7 55. g4 Qd4 56. Rc3 Qg1 57. Kh3 Qh1+ 58. Kg3 h5 59. Rc7+ Ke8 60. gxh5 gxh5 61. Rh7 Kd8 62. Ng5 Qe1+ 63. Kh3 Qe3 64. Rxh5 Qxb3 65. Kg3 a4 66. Ne4 a3 67. Ra5 a2 68. Nc3 Qxc3 69. Rxa2 Qe5+ 70. Kg2 Ke7 71. Ra4 Kf6 72. Re4 Qd6 73. Rg4 Kf5 74. Re4 Kg6 75. Rg4+ Kf6 76. Re4 Kf5 77. Rg4 Qd2+ 78. Kg3 Qe1+ 79. Kg2 Qe2+ 80. Kg3 Qf1 81. Rf4+ Ke5 82. Re4+ Kd5 83. Rg4 Qg1+ 84. Kh3 Qf2 85. Rf4 Ke5 86. Re4+ Kf5 87. Rf4+ Kg5 88. Rg4+ Kh5 89. Rf4 Qf1+ 90. Kg3 Qg1+ 91. Kh3 Qf2 92. Rf5+ Kg6 93. Rf4 Qf1+ 94. Kg3 Qe1+ 95. Kh3 Qf2 96. Rg4+ Kf5 97. Rf4+ Ke5 98. Re4+ Kd5 99. Rf4 Kc5 100. Rf5+ Kd4 101. Rf4+ Kd3 102. Rg4 Qf1+ 103. Kg3 Qg1+ 104. Kh3 Qf2 105. Rg5 Qf1+ 106. Kg3 Qg1+ 107. Kf4 Qh2+ 108. Kg4 Ke3 109. Rf5 Qg2+ 110. Kh4 Qg6 111. Rg5 Qf6 112. Kg4 Qxf3+ 113. Kh4 Qh1+ 114. Kg3 Qh8 115. Kg4 Ke4 116. Kg3 Qb8+ 117. Kg4 Qh2 118. Rg6 Qg2+ 119. Kh5 Qh3+ 120. Kg5 Ke5 121. Rg7 Qg3+ 122. Kh6 Qh4+ 123. Kg6 Ke6 124. Rg8 Qg4+ 125. Kh7 Qh5+ 126. Kg7 Ke7 127. Ra8 Qg4+ 128. Kh6 Qh3+ 0-1

[Event "Dimitrovgrad Summer op"]
[Site "Dimitrovgrad"]
[Date "2013.06.22"]
[Round "1"]
[White "Guliev, Fahrutdin"]
[Black "Alachihin, Vladimir"]
[Result "0-1"]
[WhiteElo "1719"]
[BlackElo "2259"]
[PlyCount "44"]
[EventDate "2013.06.22"]
[EventType "swiss"]
[EventRounds "9"]
[EventCountry "RUS"]
[SourceTitle "EXT 2014"]
[Source "ChessBase"]
[SourceDate "2013.11.20"]
[SourceVersion "1"]
[SourceVersionDate "2013.11.20"]
[SourceQuality "1"]

1. d4 Nf6 2. Bg5 Ne4 3. Bc1 d5 4. c3 c5 5. dxc5 e6 6. b4 a5 7. e3 Nc6 8. Bb5 axb4 9. cxb4 Qf6 10. f3 Qxa1 11. fxe4 Qxb1 12. exd5 Qxb4+ 13. Bd2 Qxb5 14. dxc6 Rxa2 15. c7 Bxc5 16. Bc3 0-0 17. Ne2 Bxe3 18. Rf1 e5 19. Rf3 Rxe2+ 20. Qxe2 Qb1+ 21. Qd1 Qxd1+ 22. Kxd1 Bg4 0-1

[Event "Dimitrovgrad Petrosian Memorial op"]
[Site "Dimitrovgrad"]
[Date "2011.06.19"]
[Round "3"]
[White "Ulanov, Sergei"]
[Black "Alachihin, Vladimir"]
[Result "0-1"]
[WhiteElo "2143"]
[BlackElo "2228"]
[PlyCount "86"]
[EventDate "2011.06.18"]
[EventType "swiss"]
[EventRounds "9"]
[EventCountry "RUS"]
[SourceTitle "EXT 2012"]
[Source "ChessBase"]
[SourceDate "2011.11.24"]
[SourceVersion "1"]
[SourceVersionDate "2011.11.24"]
[SourceQuality "1"]

1. Nf3 Nf6 2. d4 g6 3. Bg5 Bg7 4. Nbd2 d5 5. e3 0-0 6. c4 c6 7. Bd3 Bf5 8. Bxf5 gxf5 9. Qc2 Ne4 10. Bf4 Nd7 11. 0-0 e6 12. Rab1 Rc8 13. Qa4 Nxd2 14. Nxd2 dxc4 15. Qxa7 b5 16. Qb7 Nb6 17. Nf3 Nd5 18. Bg3 Qb6 19. Qxb6 Nxb6 20. Rfc1 Ra8 21. a3 Rfc8 22. Bd6 Bf8 23. Bxf8 Kxf8 24. Kf1 Nd5 25. Rc2 Ke7 26. Ke2 f6 27. Rg1 h5 28. g3 Kd6 29. Nh4 c3 30. bxc3 Rxa3 31. Kd2 c5 32. Rb1 cxd4 33. cxd4 Rxc2+ 34. Kxc2 Ra2+ 35. Kd3 b4 36. Rf1 Kc6 37. Ng6 Kb5 38. Nf4 Ra3+ 39. Kd2 Nc3 40. f3 Kc4 41. e4 e5 42. dxe5 fxe5 43. Nd5 Ra2+ 0-1

[Event "Uljanovsk Povolje op"]
[Site "Uljanovsk"]
[Date "2010.11.22"]
[Round "6"]
[White "Alachihin, Vladimir"]
[Black "Galiev, Azat"]
[Result "0-1"]
[WhiteElo "2243"]
[BlackElo "2261"]
[PlyCount "64"]
[EventDate "2010.11.19"]
[EventType "swiss"]
[EventRounds "9"]
[EventCountry "RUS"]
[SourceTitle "CBM 139 Extra"]
[Source "ChessBase"]
[SourceDate "2011.01.05"]
[SourceVersion "1"]
[SourceVersionDate "2011.01.05"]
[SourceQuality "1"]

1. d4 Nf6 2. Nf3 g6 3. g3 Bg7 4. Bg2 d5 5. 0-0 0-0 6. c4 c6 7. Nc3 dxc4 8. a4 Nd5 9. e4 Nxc3 10. bxc3 c5 11. Qe2 Bg4 12. dxc5 Qd3 13. Qxd3 cxd3 14. Rb1 Nd7 15. Rxb7 Nxc5 16. Rxe7 Nxa4 17. c4 Bf6 18. Rc7 Rfc8 19. Rxc8+ Rxc8 20. Bf4 Rxc4 21. e5 Be7 22. Nd2 Rc2 23. Ra1 Nc3 24. Bf1 Ne2+ 25. Bxe2 dxe2 26. Re1 g5 27. Be3 Bb4 28. f3 Bxd2 29. Bxd2 Rxd2 30. fxg4 Rd1 31. Kf2 Rxe1 32. Kxe1 Kf8 0-1

[Event "Dimitrovgrad Teenagers op"]
[Site "Dimitrovgrad"]
[Date "2010.08.21"]
[Round "5"]
[White "Ulanov, Alexandr"]
[Black "Alachihin, Vladimir"]
[Result "1-0"]
[WhiteElo "2325"]
[BlackElo "2252"]
[PlyCount "99"]
[EventDate "2010.08.18"]
[EventType "swiss"]
[EventRounds "7"]
[EventCountry "RUS"]
[SourceTitle "CBM 138 Extra"]
[Source "ChessBase"]
[SourceDate "2010.10.29"]
[SourceVersion "1"]
[SourceVersionDate "2010.10.29"]
[SourceQuality "1"]

1. d4 Nf6 2. Nf3 g6 3. c4 Bg7 4. g3 0-0 5. Bg2 d6 6. 0-0 Nc6 7. Nc3 e5 8. d5 Ne7 9. e4 Bg4 10. h3 Bxf3 11. Bxf3 Nd7 12. Rb1 a5 13. a3 f5 14. b4 axb4 15. axb4 Nf6 16. c5 Kh8 17. Qd3 Qd7 18. cxd6 cxd6 19. Kg2 fxe4 20. Nxe4 Nexd5 21. Bd2 Rfd8 22. Rfd1 Rab8 23. Bg5 Qe6 24. Qb3 Qg8 25. Rxd5 Nxd5 26. Bxd8 Rxd8 27. Ng5 Nc3 28. Nf7+ Qxf7 29. Qxf7 Nxb1 30. Qc7 Bf6 31. Qc1 e4 32. Bxe4 Nc3 33. Bxb7 d5 34. Ba6 d4 35. Bd3 Nd5 36. Qc6 Kg7 37. Bc4 Nc3 38. Qe6 Rf8 39. b5 Na4 40. b6 Nb2 41. b7 Nxc4 42. Qxc4 Be5 43. f4 Bb8 44. Qxd4+ Kg8 45. h4 Re8 46. Kf3 Rf8 47. h5 gxh5 48. Qd5+ Kg7 49. Qg5+ Kh8 50. Qxh5 1-0

[Event "Samara op"]
[Site "Samara"]
[Date "2010.07.30"]
[Round "8"]
[White "Alachihin, Vladimir"]
[Black "Borisenko, Andrei"]
[Result "0-1"]
[WhiteElo "2252"]
[BlackElo "2420"]
[PlyCount "60"]
[EventDate "2010.07.23"]
[EventType "swiss"]
[EventRounds "9"]
[EventCountry "RUS"]
[SourceTitle "EXT 2011"]
[Source "ChessBase"]
[SourceDate "2010.11.26"]
[SourceVersion "1"]
[SourceVersionDate "2010.11.26"]
[SourceQuality "1"]

1. d4 c5 2. c3 Nf6 3. Nf3 b6 4. Bf4 Bb7 5. e3 e6 6. Bd3 Be7 7. Nbd2 cxd4 8. exd4 d6 9. 0-0 Nbd7 10. Re1 0-0 11. Qe2 Re8 12. Bg3 Qc7 13. a4 a6 14. a5 b5 15. c4 bxc4 16. Nxc4 Nd5 17. Rec1 Rec8 18. Qd2 Bc6 19. b4 N7f6 20. Rab1 Qd7 21. Na3 Rcb8 22. Ng5 h6 23. Ne4 Nxe4 24. Bxe4 Nxb4 25. Bxc6 Nxc6 26. Nc4 Rxb1 27. Rxb1 Bf6 28. Nb6 Rb8 29. d5 exd5 30. Qxd5 Ne5 0-1

[Event "Samara-chB"]
[Site "Samara"]
[Date "2009.12.13"]
[Round "8"]
[White "Sorochan, Dmitry Vladimirovic"]
[Black "Alachihin, Vladimir"]
[Result "1-0"]
[WhiteElo "2057"]
[BlackElo "2262"]
[PlyCount "109"]
[EventDate "2009.12.06"]
[EventType "swiss"]
[EventRounds "9"]
[EventCountry "RUS"]
[SourceTitle "EXT 2012"]
[Source "ChessBase"]
[SourceDate "2011.11.24"]
[SourceVersion "1"]
[SourceVersionDate "2011.11.24"]
[SourceQuality "1"]

1. d4 Nf6 2. Bg5 e6 3. e4 h6 4. Bxf6 Qxf6 5. Nc3 Bb4 6. Nf3 d5 7. e5 Qe7 8. Bd3 c5 9. a3 Bxc3+ 10. bxc3 c4 11. Be2 Bd7 12. h4 Ba4 13. h5 Nc6 14. Nd2 f6 15. f4 fxe5 16. fxe5 Qg5 17. Nf3 Qg3+ 18. Kf1 Rf8 19. Rh3 Qf4 20. Qe1 Ne7 21. g4 Qxg4 22. Rg3 Qe4 23. Qd2 Nf5 24. Rg6 Ke7 25. Bd3 cxd3 26. cxd3 Qh4 27. Nxh4 Nxh4+ 28. Ke2 Nxg6 29. hxg6 Rf5 30. Rf1 Rxf1 31. Kxf1 Rf8+ 32. Ke2 Bd7 33. Qb2 h5 34. c4 dxc4 35. dxc4 Rc8 36. Qb4+ Ke8 37. d5 a5 38. Qd6 Rxc4 39. dxe6 Bc8 40. e7 Bd7 41. Kd3 Rc6 42. Qd5 Rxg6 43. Qxa5 Kxe7 44. Qb4+ Ke8 45. Qxb7 Rg3+ 46. Kd4 h4 47. a4 h3 48. e6 Rg4+ 49. Ke5 Bxe6 50. Kxe6 Rg6+ 51. Kf5 Rg1 52. Qc8+ Kf7 53. Qb7+ Kf8 54. Qb8+ Ke7 55. Qa7+ 1-0